Về cấu trúc vành giả Frobenius và vành tựa Frobenius thông qua điều kiện nội xạ và điều kiện dây chuyền

Đặc trưng của vành giả Frobenius và tựa Frobenius thông qua các mở rộng của vành tự nội xạ...Đặc trưng của vành giả Frobenius và vành tựa Frobenius thông qua điều kiện dây chuyền và vành nội xạ bé...

Saved in:
Bibliographic Details
Main Author: Trương, Công Quỳnh
Other Authors: Lê, Văn Thuyết GS,TS (Người hướng dẫn), Phan, Dân TS (Người hướng dẫn)
Format: Book
Language:Vietnamese
Published: Bộ Giaó Dục và Đào Tạo Đại học Huế 2011
Subjects:
Tags: Add Tag
No Tags, Be the first to tag this record!
Institutions: Mạng thư viện Đại học Đà Nẵng
LEADER 01540nam a2200337 4500
001 000012677
003 8985
005 20120224110209.0
008 120224s2011 viesd
041 |a vie 
072 |a Luận án tiến sĩ toán học 
082 |a 512  |b TR-Q 
100 1 |a Trương, Công Quỳnh 
245 1 |a Về cấu trúc vành giả Frobenius và vành tựa Frobenius thông qua điều kiện nội xạ và điều kiện dây chuyền  |c Trương, Công Quỳnh 
260 |a Bộ Giaó Dục và Đào Tạo  |b Đại học Huế  |c 2011 
300 |a 92 tr.  |c 29 cm. 
500 |a Luận án tiến sĩ toán học 
520 |a Đặc trưng của vành giả Frobenius và tựa Frobenius thông qua các mở rộng của vành tự nội xạ...Đặc trưng của vành giả Frobenius và vành tựa Frobenius thông qua điều kiện dây chuyền và vành nội xạ bé... 
653 |a Vành giả Frobenius 
700 |a Lê, Văn Thuyết  |c GS,TS  |e Người hướng dẫn 
700 |a Phan, Dân  |c TS  |e Người hướng dẫn 
OWN |a LSP 
AVA |a UDN50  |b LSP  |d 512 TR-Q  |e available  |t Error 5001 Not defined in file expand_doc_bib_avail.  |f 1  |g 0  |h N  |i 0  |k 1 
999 |a From the UDN01 
AVA |a UDN50  |b LSP  |d 512 TR-Q  |e available  |t Error 5001 Not defined in file expand_doc_bib_avail.  |f 1  |g 0  |h N  |i 0  |k 1 
TYP |a Monograph 
TYP |a Printed language 
980 |a Mạng thư viện Đại học Đà Nẵng